| 000 | 00481 a2200193 4500 | ||
|---|---|---|---|
| 005 | 20260116162335.0 | ||
| 008 | 260115b |||||||| |||| 00| 0 eng d | ||
| 020 |
_a97889357482141 _cRs. 149.00 |
||
| 040 | _aMAIN | ||
| 082 |
_a839.8226 _bI7D |
||
| 100 | _aIbsen, Henrik | ||
| 245 | _aDoll’S house | ||
| 260 |
_bDouble 9 Books _c2025 _aNew Delhi |
||
| 300 | _a134 | ||
| 650 | _aLiterature | ||
| 650 | _aGerman Literatures | ||
| 650 | _aNorwegian Drama | ||
| 942 | _cBK | ||
| 999 |
_c395124 _d395124 |
||